000 00669nam a2200217Ia 4500
003 GCL
008 140319s9999 xx 000 0 ara d
040 _aGCL /
_cGCL
082 0 4 _a811.01
_bف ا
100 1 _aيوسف فرنسيس
245 1 0 _aانت دون النساء :
_bقصائد حب /
_cيوسف فرنسيس
700 1 _aفوزى احمد
260 _aالقاهرة :
_bفوزى احمد ،
_c1997
300 _a181 ص ؛
_c22 سم
490 _a
650 0 4 _aالشعر العربى
650 0 4 _aالادب العربى
650 0 4 _aالشعر الغزلى
650 0 4 _aالشعر العربى - دواوين وقصائد
942 _2ddc
_cBK
999 _c3944
_d3944